000 00609nam a2200181 i 4500
001 76362
003 ES-MaACL
005 20230906172822.0
007 t|
008 040930s1983 sp ||||1| spa d
020 _a84-283-1270-2
100 1 _aGueulle, Patrick.
_960603
245 1 0 _aInterfonos y teléfonos
_b: generalidades, redes particulares, montajes periféricos /
_cPatrick Gueulle ; [traducido por José Antonio Puerta Navarro].
260 _aMadrid :
_bParaninfo,
_c1983.
300 _a161 p. ;
_c22 cm.
700 1 _aPuerta Navarro, José Antonio.
_994181
852 _aES-MaACL
_jL-9656
_bR.108531
999 _c76362
_d76362